| 000 | 00418pam a2200157a 44500 | ||
|---|---|---|---|
| 008 | 230515b1986 xxu||||| |||| 00| 0 eng d | ||
| 020 | _aNULL | ||
| 041 | _aENGL | ||
| 082 | _a331.8 PAW. | ||
| 100 | _a"PAWAR R. K.," | ||
| 245 | _aINDUSTRIAL WELFARE | ||
| 250 | _a0 | ||
| 260 |
_aNAGPUR _bCENTRAL BOARD FOR WORKERS EDUCATION _c1986 |
||
| 300 | _aNULL | ||
| 650 | _a"LABOUR ECONOMICS,INDUSTRIAL ECONOMICS,TRADE UNION" | ||
| 999 |
_c539111 _d539111 |
||